| 000 | 00496nam a2200169Ia 4500 | ||
|---|---|---|---|
| 001 | 35028 | ||
| 003 | IN-NITTTR | ||
| 005 | 20251114233432.0 | ||
| 008 | 251113s9999||||xx |||||||||||||| ||eng|| | ||
| 040 | _beng | ||
| 040 | _cIN-NITTTR | ||
| 041 | _aeng | ||
| 082 | _aQ334 .I5572 2010eb | ||
| 100 | _aVanhoof, Koen. | ||
| 245 | 0 |
_aIntelligent Decision Making Systems - Proceedings Of The 4th International Iske Conference On Intelligent Systems And Knowledge / _cVanhoof, Koen. |
|
| 942 |
_2ddc _cBK |
||
| 999 |
_c35226 _d35226 |
||